مكتبة جامعة عجلون الوطنية

فهرس بحث المكتبة

Normal view MARC view
  • الابداع الاداري - امنيه للاتصالات - الاردن

Entry Topical Term

Number of records used in: 1

001 - CONTROL NUMBER

  • control field: 59826

003 - CONTROL NUMBER IDENTIFIER

  • control field: JO-AjAnu

005 - DATE AND TIME OF LATEST TRANSACTION

  • control field: 20230606083800.0

008 - FIXED-LENGTH DATA ELEMENTS

  • fixed length control field: 230606|| aca||aabn | a|a d

040 ## - CATALOGING SOURCE

  • Original cataloging agency: JO-AjAnu
  • Transcribing agency: JO-AjAnu

150 ## - HEADING--TOPICAL TERM

  • Topical term or geographic name entry element: الابداع الاداري - امنيه للاتصالات - الاردن

670 ## - SOURCE DATA FOUND

  • Source citation: Work cat.: (JO-AjAnu)30509: اعداد: الخشيني، صهيب محمد شحادة؛ اشراف: هشام علي شطناوي, author 59825, اثر الاثراء الوظيفي على الابداع الاداري لدى العاملين في شركة امنية للاتصالات في الاردن = The impact of job enrichment on the administrative creativity of employees at umniah telecommunications company in jordan